000 00295nam a22001217a 4500
008 180803b xxu||||| |||| 00| 0 eng d
082 _2813.52
245 _aThe AphA complete review for pharmacy
_cGOURLEY.D.R
300 _a1
_fCD
440 _x9780972307680
760 _b4 th
942 _2ddc
_cMX
999 _c46748
_d46748